| 000 | 00493 a2200157 4500 | ||
|---|---|---|---|
| 999 |
_c4235 _d4235 |
||
| 020 | _a0807730505 | ||
| 050 | _aNX 303 MOO 1990 | ||
| 100 |
_aMoody, WIlliam J _eeditor |
||
| 245 |
_aArtistic intelligences : _bimplications for education / _cWilliam J. Moody |
||
| 264 |
_aNew York: _bTeachers College Press, _c1990 |
||
| 300 | _a195p.: | ||
| 500 | _aIncludes bibliographical references and index | ||
| 650 |
_aArts _xStudy and teaching |
||
| 651 | _aUnited States | ||
| 942 |
_2lcc _cBK _h303 _iMOO _kNX |
||